000 00274 a2200133 4500
001 194874
040 _cMagnum
100 _aPRADO, Jane
240 1 0 _aGirassol quer sol
_lpor
245 1 0 _aGirassol quer sol
300 _a11
697 _aLITERATURA INFANTIL
942 _cBK
999 _c194874
_d194874